|
|
|
|
| LEADER |
01027pam a22002538a 4500 |
| 001 |
00024622 |
| 005 |
20171026081022.0 |
| 008 |
110721s2009 ||||||Viesd |
| 041 |
0 |
# |
|a Vie
|
| 082 |
1 |
4 |
|a 324.259.707 1
|b T103L
|
| 110 |
1 |
# |
|a Ban tuyên giáo trung ương
|
| 245 |
0 |
0 |
|a Tài liệu hỏi đáp về nghị quyết và các văn bản, kết luận của hội nhị trung ương 9, khóa X
|b Dành cho cán bộ, đảng viên ở cở sở và tuyên truyền sâu rộng trong nhân dân
|c Ban tuyên giáo trung ương
|
| 260 |
# |
# |
|a H.
|b Chính trị quốc gia
|c 2009
|
| 300 |
# |
# |
|a 63tr.
|c 19cm.
|
| 650 |
# |
4 |
|a Hội nghị trung ương IX
|
| 650 |
# |
4 |
|a Khóa X
|
| 650 |
# |
4 |
|a ĐCSVN
|
| 650 |
# |
4 |
|a Văn bản
|
| 650 |
# |
4 |
|a Nghị quyết
|
| 650 |
# |
4 |
|a Tài liệu hỏi đáp
|
| 852 |
# |
# |
|j KD.0010199
|
| 852 |
# |
# |
|b Kho đọc
|j KD.0010199
|
| 910 |
|
|
|d 21/07/2011
|
| 980 |
# |
# |
|a Trung tâm Học liệu Lê Vũ Hùng, Trường Đại học Đồng Tháp
|